La Universidad actual en crísis: antología de textos de 1939

Uloženo v:
Podrobná bibliografie
Hlavní autor: Burillo, Jesús (Autor)
Médium: Kniha
Jazyk:španělština
Vydáno: Madrid Magisterio Español 1968
Témata:
Tagy: Přidat tag
Žádné tagy, Buďte první, kdo vytvoří štítek k tomuto záznamu!

MARC

LEADER 00000nam a2200000 a 4500
001 UCV2222
003 CL-VaPUC
008 920311e19680000SP |||||||||||||||||spa|d
082 0 4 |a 378.4  |b BUR  |2 21 
100 0 |a Burillo, Jesús  |e author  |9 296501 
245 1 3 |a La Universidad actual en crísis: antología de textos de 1939 
300 |a 458 p 
942 |c BK 
945 |d 19920311 00:00:00 
260 |a Madrid  |b Magisterio Español  |c 1968 
650 0 |a Universidad  |9 257557 
651 0 |a España  |9 254926 
583 |a last modification  |c 19920311 00:00:00  |k Rodrigo Vera 
999 |c 209880  |d 209878 
952 |0 0  |1 0  |4 0  |6 378_400000000000000_BUR_1968  |7 0  |8 P  |9 185721  |a BIBDER  |b BIBDER  |d 2019-11-14  |i 2531615  |o 378.4 BUR 1968  |p 2531615  |r 2023-01-25  |w 2019-11-14  |y BK  |k DER